[Event "World Senior 65+ 2014"]
[Site "Katerini GRE"]
[Date "2014.10.24"]
[Round "1.25"]
[White "Lukovski, Lev"]
[Black "Hohler, Peter"]
[Result "1/2-1/2"]
[BlackTitle "FM"]
[WhiteElo "1917"]
[BlackElo "2187"]
[WhiteFideId "4634837"]
[BlackFideId "1300296"]
[EventDate "2014.10.24"]

1. Nf3 Nf6 2. g3 d5 3. d4 c6 4. Nbd2 Bf5 5. Nh4 Be6 6. e3 g6 7. a3 Bg7 8. c4 O-O
9. c5 b6 10. b4 a5 11. Bb2 axb4 12. axb4 Rxa1 13. Qxa1 Ne4 14. f3 Nxd2 15. Kxd2
Nd7 16. Bd3 Qb8 17. Bc3 Qb7 18. Qb2 Ra8 19. Ra1 f6 20. Ra3 Bf7 21. f4 Rxa3 22.
Qxa3 b5 23. g4 e5 24. Qa5 exf4 25. exf4 Qb8 26. Ng2 Bf8 27. Ke2 Be7 28. Kf3 Bd8
29. Qa6 Qc7 30. h4 Be6 31. Bd2 Nb8 32. Qa8 Qc8 33. Ne3 Bc7 34. f5 Bf7 35. Ng2
Qa6 36. Qxa6 Nxa6 37. Nf4 Kg7 38. g5 Bd8 39. Kg4 Nc7 40. Nh3 Na6 41. Nf4 Nc7 1/2-1/2

[Event "World Senior 65+ 2014"]
[Site "Katerini GRE"]
[Date "2014.10.24"]
[Round "1.26"]
[White "Frumson, Yury"]
[Black "Korenevski, Oleg"]
[Result "1-0"]
[WhiteTitle "FM"]
[WhiteElo "2179"]
[BlackElo "1915"]
[WhiteFideId "4116402"]
[BlackFideId "3206386"]
[EventDate "2014.10.24"]

1. Nf3 Nf6 2. c4 c5 3. Nc3 Nc6 4. d4 cxd4 5. Nxd4 g6 6. e4 d6 7. Be2 Bg7 8. Nc2
O-O 9. O-O Bd7 10. Rb1 Ne8 11. Kh1 Nc7 12. Be3 b6 13. Qd2 Qc8 14. Bh6 Bg4 15. f3
Be6 16. Bxg7 Kxg7 17. Rbc1 f6 18. Nd5 Bf7 19. Nce3 e6 20. Ng4 exd5 21. cxd5 Bxd5
22. exd5 Ne5 23. Nxe5 fxe5 24. f4 Qd7 25. fxe5 Rxf1+ 26. Bxf1 dxe5 27. d6 Rf8
28. Qc3 Rxf1+ 29. Rxf1 Qxd6 30. Qf3 Nb5 31. Qf7+ Kh6 32. Qf8+ Qxf8 33. Rxf8 Kg7
34. Ra8 Kf6 35. Kg1 Kf5 36. a4 Nd6 37. Rxa7 Nc4 38. b4 h5 39. Rc7 Nb2 40. a5
bxa5 41. bxa5 e4 42. a6 Na4 43. a7 Nb6 44. Rb7 1-0

[Event "World Senior 65+ 2014"]
[Site "Katerini GRE"]
[Date "2014.10.24"]
[Round "1.27"]
[White "Kayaman, Metin"]
[Black "Bibilashvili, Giorgi"]
[Result "1/2-1/2"]
[WhiteElo "1878"]
[BlackElo "2169"]
[WhiteFideId "6301185"]
[BlackFideId "13601873"]
[EventDate "2014.10.24"]

1. c4 e6 2. Nc3 d5 3. d4 Nf6 4. Bg5 Be7 5. e3 h6 6. Bxf6 Bxf6 7. Nf3 c6 8. Bd3
Nd7 9. O-O O-O 10. Rc1 dxc4 11. Bxc4 e5 12. Bb3 exd4 13. Nxd4 Nb6 14. Nce2 Nd5
15. a3 Bg4 16. Qd3 Bxe2 17. Qxe2 Qe7 18. Rfd1 Rad8 19. Qf3 Nc7 20. Nf5 Qe5 21.
Rb1 Ne6 22. Bc2 Rfe8 23. Qg4 Rxd1+ 24. Qxd1 Rd8 25. Qe2 Nf8 26. Ng3 g6 27. Ne4
Bg7 28. Nc3 Qa5 29. Ne4 f5 30. Ng3 Kh7 31. h3 Qc5 32. b4 Qc3 33. Bb3 Rd2 34. Qc4
Qxc4 35. Bxc4 Nd7 36. Nf1 Rd6 37. Be2 Nb6 38. Rd1 Rxd1 39. Bxd1 Bb2 40. a4 Bc3
41. b5 cxb5 42. axb5 a5 43. bxa6 bxa6 44. Ng3 Kg7 45. Kf1 Be5 46. f4 Bf6 47. Ke2
a5 48. Kd3 a4 49. e4 Bh4 50. Ne2 a3 51. Bb3 fxe4+ 52. Kxe4 Nd7 53. Ba2 Nc5+ 54.
Kd4 Be7 55. Nc3 Na6 56. Nd5 Nb4 57. Nxb4 Bxb4 1/2-1/2

[Event "World Senior 65+ 2014"]
[Site "Katerini GRE"]
[Date "2014.10.24"]
[Round "1.28"]
[White "Titz, Heimo"]
[Black "Haupt, Joachim"]
[Result "1-0"]
[WhiteTitle "FM"]
[WhiteElo "2158"]
[BlackElo "1874"]
[WhiteFideId "1601520"]
[BlackFideId "4698487"]
[EventDate "2014.10.24"]

1. c4 c5 2. Nc3 Nc6 3. Nf3 Nf6 4. g3 g6 5. Bg2 Bg7 6. d4 cxd4 7. Nxd4 O-O 8. O-O
Qb6 9. Nc2 d6 10. b3 Bd7 11. Bb2 a6 12. Qd2 Qc7 13. Rfd1 Qc8 14. Ne3 Re8 15.
Ncd5 Nxd5 16. Nxd5 Bxb2 17. Qxb2 Qd8 18. Rac1 Ne5 19. c5 Bc6 20. cxd6 exd6 21.
Qd4 Bxd5 22. Bxd5 Rb8 23. Rc3 Qf6 24. f4 Nd7 25. Bf3 Rbd8 26. Qxf6 Nxf6 27. Rc7
Rc8 28. Rxc8 Rxc8 29. Rxd6 Ne8 30. Rb6 Rc2 31. a4 Nc7 32. Rxb7 Ne6 33. b4 Rb2
34. b5 axb5 35. Rxb5 Ra2 36. a5 Nd4 37. Rb8+ Kg7 38. Ra8 Nxf3+ 39. exf3 Kf6 40.
a6 Kf5 41. a7 h5 42. h4 f6 1-0

[Event "World Senior 65+ 2014"]
[Site "Katerini GRE"]
[Date "2014.10.24"]
[Round "1.29"]
[White "Pihlajamaki, Antti"]
[Black "Serra Olives, Tomas"]
[Result "0-1"]
[BlackTitle "FM"]
[WhiteElo "1863"]
[BlackElo "2156"]
[WhiteFideId "503290"]
[BlackFideId "2203774"]
[EventDate "2014.10.24"]

1. e4 e5 2. Nf3 Nc6 3. Bc4 Bc5 4. c3 Nf6 5. d3 d6 6. h3 O-O 7. Bg5 Na5 8. b4
Bxf2+ 9. Kxf2 Nxc4 10. Bxf6 Qxf6 11. dxc4 Qg6 12. Qd3 f5 13. Nbd2 fxe4 14. Nxe4
Rf4 15. Qd5+ Be6 16. Qxb7 Qxe4 17. Qxe4 Rxe4 18. Ng5 Rf4+ 19. Kg3 Bxc4 20. Rhe1
Raf8 21. Re3 h6 22. Nf3 R8f6 23. a3 Rg6+ 24. Kh2 Bd5 25. Rd1 Bc6 26. Rd2 h5 27.
Ne1 h4 28. Nd3 Rf1 29. c4 Rd1 30. Rf2 Rg3 31. Nb2 Rxe3 32. Nxd1 Rxa3 33. Rb2 Rg3
34. Rd2 Kf7 0-1

[Event "World Senior 65+ 2014"]
[Site "Katerini GRE"]
[Date "2014.10.24"]
[Round "1.30"]
[White "Skalkotas, Nikolaos"]
[Black "Urbanc, Vinko"]
[Result "1-0"]
[WhiteTitle "IM"]
[WhiteElo "2150"]
[BlackElo "1849"]
[WhiteFideId "4200144"]
[BlackFideId "14607425"]
[EventDate "2014.10.24"]

1. c4 Nf6 2. Nf3 g6 3. g3 d5 4. cxd5 Nxd5 5. Bg2 Bg7 6. Nc3 O-O 7. Qb3 Nb6 8. d3
Nc6 9. Be3 Be6 10. Qd1 Qd7 11. h4 Nd5 12. Bd2 h6 13. Qc1 Kh7 14. O-O Nxc3 15.
Bxc3 Bh3 16. Bxg7 Kxg7 17. Qc3+ f6 18. Bxh3 Qxh3 19. b4 Qf5 20. Rab1 Rfc8 21.
Rfc1 Qd7 22. Rb2 Nd8 23. h5 g5 24. Qd4 Qxd4 25. Nxd4 e6 26. Rbc2 c6 27. b5 f5
28. f4 Kf6 29. bxc6 bxc6 30. Kf2 gxf4 31. gxf4 e5 32. fxe5+ Kg5 33. Rg1+ Kxh5
34. Nxf5 Ne6 35. Rc4 Ng5 36. Rh1+ Kg6 37. Ne7+ 1-0

[Event "World Senior 65+ 2014"]
[Site "Katerini GRE"]
[Date "2014.10.24"]
[Round "1.31"]
[White "Topaloglu, Hayati"]
[Black "Archangelsky, Mikhail"]
[Result "0-1"]
[BlackTitle "IM"]
[WhiteElo "1848"]
[BlackElo "2149"]
[WhiteFideId "6310338"]
[BlackFideId "4117573"]
[EventDate "2014.10.24"]

1. e4 e6 2. d4 d5 3. Nc3 Nf6 4. Bg5 dxe4 5. Bxf6 Qxf6 6. Nxe4 Qg6 7. Ng3 Nc6 8.
a3 h5 9. Nf3 h4 10. Bd3 Qh6 11. Ne2 h3 12. g3 Bd6 13. Qd2 Qxd2+ 14. Nxd2 Bd7 15.
f4 O-O-O 16. O-O-O f6 17. Ne4 Be7 18. Rhg1 e5 19. d5 Nb8 20. fxe5 fxe5 21. g4
Rdf8 22. N2c3 Rf4 23. Be2 Rh4 24. d6 Bxd6 25. Nxd6+ cxd6 26. Rxd6 Bxg4 27. Rg6
Bxe2 28. Nxe2 Rf2 29. Nc3 Rxh2 30. Rxg7 Rh8 31. Nb5 Nd7 32. Rd1 Rd8 33. Nxa7+
Kc7 34. Nb5+ Kc6 35. a4 Rg2 36. Rd6+ Kc5 37. Rgxd7 Rxd7 38. Rxd7 h2 39. Rc7+ Kb4
40. b3 h1=Q+ 41. Kb2 Qh3 42. Nd6 Qxb3+ 0-1

[Event "World Senior 65+ 2014"]
[Site "Katerini GRE"]
[Date "2014.10.24"]
[Round "1.32"]
[White "Kiselev, Alexander"]
[Black "Rave, Avraham"]
[Result "1-0"]
[WhiteElo "2122"]
[BlackElo "1838"]
[WhiteFideId "14105900"]
[BlackFideId "2805367"]
[EventDate "2014.10.24"]

1. e4 c5 2. Nc3 e6 3. Bc4 Be7 4. d3 Nc6 5. f4 Na5 6. Nf3 Nxc4 7. dxc4 a6 8. O-O
b6 9. Qd3 Bb7 10. Be3 d6 11. a4 Nf6 12. Rad1 O-O 13. h3 Rb8 14. Bf2 Bc6 15. Bh4
Ne8 16. Bxe7 Qxe7 17. Rd2 Qb7 18. b3 b5 19. axb5 axb5 20. cxb5 Bxb5 21. Nxb5
Qxb5 22. Qxb5 Rxb5 23. e5 Rb6 24. Ra1 d5 25. Ra7 Rc6 26. Rd1 h6 27. Rda1 Nc7 28.
Rb7 Na6 29. Kf1 Rfc8 30. Ke2 d4 31. Nd2 Nb4 32. Raa7 Rf8 33. Kd1 Ra6 34. Rxa6
Nxa6 35. Ne4 Rc8 36. Ra7 Nb4 37. Nd6 Rf8 38. g3 f6 39. exf6 Rxf6 40. Ne4 Rf5 41.
Re7 h5 42. h4 Nd5 43. Rxe6 Ne3+ 44. Kd2 c4 45. bxc4 Nxc4+ 46. Kd3 Ne3 47. c3 Ra5
48. Kxd4 Nf5+ 49. Kd3 Ra1 50. Ke2 Rg1 51. Kf2 Rd1 52. c4 Rd3 53. c5 Kf7 54. Re5
g6 55. c6 Rd1 56. c7 Rc1 57. c8=Q Rxc8 58. Rxf5+ Kg7 59. Rf7+ Kg8 60. Rd7 Rc6
61. Ke3 Ra6 62. Kd4 Ra1 63. Ke5 Ra5+ 64. Kf6 Ra1 1-0

[Event "World Senior 65+ 2014"]
[Site "Katerini GRE"]
[Date "2014.10.24"]
[Round "1.33"]
[White "Filzmaier, Bruno"]
[Black "Danielsson, Robert"]
[Result "0-1"]
[WhiteElo "1846"]
[BlackElo "2115"]
[WhiteFideId "1607685"]
[BlackFideId "1711490"]
[EventDate "2014.10.24"]

1. a3 c5 2. e3 d5 3. d4 cxd4 4. exd4 Nc6 5. Nf3 Bg4 6. Be2 e6 7. O-O Qc7 8. c3
Bd6 9. h3 Bh5 10. Nbd2 Nf6 11. Ne1 Bxe2 12. Qxe2 a5 13. Nd3 O-O 14. Re1 Nd7 15.
Nf1 Rfe8 16. Ne3 Nb6 17. Ng4 a4 18. Nge5 f6 19. Nxc6 bxc6 20. f4 Nc4 21. Qg4 Qc8
22. f5 exf5 23. Rxe8+ Qxe8 24. Qxf5 Qe2 25. Qf3 Qxf3 26. gxf3 Rd8 27. Kf2 Kf7
28. Be3 Rb8 29. Ra2 Re8 30. Bc1 Ke6 31. Nb4 c5 32. Nc2 Rb8 33. Ke2 Kf5 34. Ne3+
Nxe3 35. Bxe3 c4 36. Kd2 Bf4 37. Bxf4 Kxf4 38. Kc2 Re8 39. Ra1 Re2+ 40. Kb1 Re1+
41. Ka2 Rxa1+ 42. Kxa1 Ke3 43. b4 cxb3 44. c4 Kxd4 0-1

[Event "World Senior 65+ 2014"]
[Site "Katerini GRE"]
[Date "2014.10.24"]
[Round "1.34"]
[White "Nickl, Klaus"]
[Black "Lelis, Janis"]
[Result "1-0"]
[WhiteElo "2113"]
[BlackElo "1846"]
[WhiteFideId "1601024"]
[BlackFideId "11604328"]
[EventDate "2014.10.24"]

1. d4 d5 2. c4 e6 3. Nc3 c6 4. e3 Nf6 5. Nf3 Nbd7 6. Qc2 h6 7. Bd3 dxc4 8. Bxc4
Nd5 9. O-O N7f6 10. a3 Bd6 11. e4 Nxc3 12. bxc3 Bb8 13. Bd3 b6 14. e5 Nd5 15. c4
Ne7 16. Bb2 Bb7 17. Rfd1 Qc8 18. Nd2 Bc7 19. Ne4 Qd7 20. c5 b5 21. Qe2 a6 22.
Qg4 Kf8 23. Nd6 Bxd6 24. exd6 Nd5 25. Re1 Re8 26. f4 f5 27. Qf3 h5 28. Re5 g6
29. Rae1 Kf7 30. Bc2 a5 31. Bb3 a4 32. Bxd5 cxd5 33. Bc3 Bc6 34. R1e3 Qb7 35.
Be1 Bd7 36. Qf2 Qc8 37. Qe2 Qc6 38. Bh4 Rhg8 39. Qe1 Qc8 40. Qg3 Kg7 41. Qg5 Kh7
42. Be1 Rgf8 43. h3 Rf7 44. Bb4 Ref8 45. Rc3 Bc6 46. Qh4 Rf6 47. Re2 Kg7 48. Qf2
Re8 49. Rce3 Bd7 50. Qe1 Qc6 51. Ba5 Kf7 52. Rf3 Kg7 53. Qh4 Rh8 54. Qg5 h4 55.
g4 hxg3 56. Qxg3 Qc8 57. Rg2 Qe8 58. Qe1 Kg8 59. Qe5 Rf8 60. Rfg3 Rh6 61. Be1
Kh7 62. h4 Rg8 63. Rg5 Qf7 64. Kf1 Rh5 65. Ke2 Rh6 66. Kd1 Qe8 67. Re2 Qc8 68.
Qf6 Qf8 69. Qxf8 Rxf8 70. Kc2 Kg7 71. Kc3 Kf7 72. Kb4 Ra8 73. Reg2 Rg8 74. Ka5
Rh5 75. Rxh5 gxh5 76. Rxg8 Kxg8 77. Kb6 1-0

[Event "World Senior 65+ 2014"]
[Site "Katerini GRE"]
[Date "2014.10.24"]
[Round "1.35"]
[White "Kronlaks, Olafs"]
[Black "Kratschmer, Heinz"]
[Result "1-0"]
[WhiteElo "1836"]
[BlackElo "2109"]
[WhiteFideId "11604077"]
[BlackFideId "1606670"]
[EventDate "2014.10.24"]

1. e4 c5 2. Nf3 g6 3. d4 cxd4 4. Nxd4 Nc6 5. Nxc6 bxc6 6. Qd4 Nf6 7. e5 Nd5 8.
e6 f6 9. exd7+ Bxd7 10. Bc4 e5 11. Qd2 Be6 12. c3 Bc5 13. O-O Kf7 14. Qe2 Qe7
15. Kh1 Rhe8 16. f4 exf4 17. Bxf4 Nxf4 18. Rxf4 Rad8 19. Nd2 Qd6 20. Rxf6+ Kg7
21. Ne4 Bxc4 22. Qxc4 Rxe4 23. Qf7+ Kh8 24. Rxd6 Bxd6 25. Qf6+ Kg8 26. Qxd8+ 1-0

[Event "World Senior 65+ 2014"]
[Site "Katerini GRE"]
[Date "2014.10.24"]
[Round "1.36"]
[White "Meizlin, Yaacov"]
[Black "Shamis, Mordehay"]
[Result "1-0"]
[WhiteElo "2105"]
[BlackElo "1824"]
[WhiteFideId "2812185"]
[BlackFideId "2808374"]
[EventDate "2014.10.24"]

1. e4 e5 2. f4 exf4 3. Nf3 d6 4. d4 g5 5. g3 fxg3 6. Bxg5 Be7 7. Bf4 gxh2 8.
Rxh2 Bg4 9. Nbd2 Bf6 10. c3 Ne7 11. Qb3 Bxf3 12. Nxf3 b6 13. Bc4 d5 14. exd5 Ng6
15. Be5 Nxe5 16. dxe5 Bg5 17. d6 O-O 18. Qc2 h6 19. Qg6+ Kh8 20. Rxh6+ Bxh6 21.
Qxh6+ Kg8 22. Ng5 1-0

[Event "World Senior 65+ 2014"]
[Site "Katerini GRE"]
[Date "2014.10.24"]
[Round "1.37"]
[White "Hernandez M., Emilio Gustavo"]
[Black "Batakovs, Olegs"]
[Result "1/2-1/2"]
[WhiteElo "1801"]
[BlackElo "2098"]
[WhiteFideId "3901475"]
[BlackFideId "11600888"]
[EventDate "2014.10.24"]

1. d4 Nf6 2. c4 g6 3. Nc3 Bg7 4. Nf3 O-O 5. g3 d6 6. Bg2 Nc6 7. O-O a6 8. e4 Rb8
9. h3 Bd7 10. Be3 b5 11. cxb5 axb5 12. Ne1 b4 13. Ne2 Na5 14. Rc1 Bb5 15. b3 e5
16. Nd3 Nd7 17. Re1 Nc6 18. d5 Ne7 19. Qc2 c5 20. dxc6 Nxc6 21. Bd2 Qb6 22. Nb2
Nc5 23. Nc4 Bxc4 24. Qxc4 Rfc8 25. Be3 Ne7 26. Red1 Bf8 27. Rc2 Nc6 28. Nc1 Qb7
29. Qd5 Na5 30. Qd2 Qe7 31. Nd3 Qb7 32. Nc1 Ne6 33. Nd3 Rxc2 34. Qxc2 Rc8 35.
Qd2 1/2-1/2

[Event "World Senior 65+ 2014"]
[Site "Katerini GRE"]
[Date "2014.10.24"]
[Round "1.38"]
[White "Harding, Tim D"]
[Black "Booth, Anthony"]
[Result "1-0"]
[WhiteElo "2095"]
[BlackElo "1796"]
[WhiteFideId "2500256"]
[BlackFideId "4302699"]
[EventDate "2014.10.24"]

1. d4 d5 2. c4 c6 3. Nc3 Nf6 4. cxd5 cxd5 5. Bf4 a6 6. e3 Nc6 7. Bd3 e6 8. Nf3
Be7 9. O-O O-O 10. Rc1 Nb4 11. Bb1 Bd7 12. h3 Rc8 13. Ne5 b5 14. a3 Nc6 15. Qd3
g6 16. b4 Kg7 17. Qd2 Nh5 18. Bh2 f5 19. Nd3 Nf6 20. Nc5 Bxc5 21. dxc5 Ne4 22.
Nxe4 fxe4 23. Qc3+ Qf6 24. Bd6 Rf7 25. f3 d4 26. exd4 Qxd4+ 27. Qxd4+ Nxd4 28.
Be5+ Kg8 29. Bxd4 exf3 30. Rxf3 Bc6 31. Rxf7 Kxf7 32. Rf1+ Kg8 33. Be5 Re8 34.
Bd6 Bd5 35. Re1 Kf7 36. Be4 1-0

[Event "World Senior 65+ 2014"]
[Site "Katerini GRE"]
[Date "2014.10.24"]
[Round "1.39"]
[White "Zurel, Maxim"]
[Black "Reuben, Stewart"]
[Result "0-1"]
[BlackTitle "CM"]
[WhiteElo "1725"]
[BlackElo "2089"]
[WhiteFideId "816710"]
[BlackFideId "405256"]
[EventDate "2014.10.24"]

1. e4 c5 2. Nf3 Nc6 3. Bb5 d6 4. O-O Bd7 5. c3 a6 6. Ba4 Nf6 7. Re1 b5 8. Bc2
Rc8 9. d3 e6 10. Bf4 Be7 11. Nbd2 O-O 12. h3 Qb6 13. Nf1 Nh5 14. Bh2 g6 15. Ne3
f5 16. exf5 gxf5 17. Ne5 Nxe5 18. Qxh5 Bf6 19. Bf4 Rc7 20. Nf1 Ng6 21. Bd2 d5
22. Re3 f4 23. Rf3 Be8 24. Qg4 Rg7 25. Re1 Ne5 26. Qxf4 Nxf3+ 27. Qxf3 Bh4 28.
Qe2 Rxf2 29. Qe5 Rfxg2+ 30. Kh1 R2g5 0-1

[Event "World Senior 65+ 2014"]
[Site "Katerini GRE"]
[Date "2014.10.24"]
[Round "1.40"]
[White "El Gheiadi, I."]
[Black "Susanto, Budhi"]
[Result "1-0"]
[WhiteElo "2085"]
[BlackElo "1724"]
[WhiteFideId "9200037"]
[BlackFideId "7104979"]
[EventDate "2014.10.24"]

1. e4 d6 2. d4 Nf6 3. Bd3 g6 4. Nc3 Bg7 5. Bg5 O-O 6. Qd2 e5 7. dxe5 dxe5 8.
O-O-O Be6 9. Kb1 c6 10. f4 Bg4 11. Nf3 h6 12. Bh4 Bxf3 13. gxf3 Nbd7 14. Qe3
exf4 15. Qe1 g5 16. Bf2 Qe7 17. h4 Ne5 18. Be2 b5 19. hxg5 hxg5 20. Qg1 Nfd7 21.
Qh2 Rfd8 22. Rdg1 Nc4 23. Qh5 f6 24. Bxc4+ bxc4 25. Qh7+ Kf8 26. Rh3 Rab8 27.
Qf5 Ne5 28. b3 cxb3 29. axb3 Qa3 30. Na4 Rxb3+ 31. cxb3 Qxb3+ 32. Nb2 Nc4 33.
Bc5+ Kf7 34. Rh2 a5 35. Rc1 Ne5 36. Ka1 Qxf3 37. Ka2 g4 38. Rf2 Qg3 39. Rxf4 Rb8
40. Qxe5 Qb3+ 41. Kb1 Kg8 42. Qc3 f5 43. Qxb3+ Rxb3 44. Rc2 g3 45. exf5 Bf6 46.
Ka2 Rb5 47. Ba3 Be5 48. Rg4+ Kf7 49. Rxc6 Ke8 50. Re6+ Kd7 51. Re7+ Kc6 52. Rg6+
Kd5 53. Nd3 Bb8 54. f6 Kc4 55. Nb2+ Kc3 56. f7 Rf5 57. Re3+ Kc2 58. Re2+ Kc1 59.
f8=Q 1-0

[Event "World Senior 65+ 2014"]
[Site "Katerini GRE"]
[Date "2014.10.24"]
[Round "1.41"]
[White "Hmooda, Elhabib"]
[Black "Savolainen, Lev P."]
[Result "0-1"]
[BlackTitle "FM"]
[WhiteElo "1718"]
[BlackElo "2083"]
[WhiteFideId "9202528"]
[BlackFideId "4135792"]
[EventDate "2014.10.24"]

1. e4 e6 2. d4 d5 3. e5 c5 4. Bb5+ Nc6 5. Nf3 Qb6 6. Bxc6+ bxc6 7. dxc5 Bxc5 8.
O-O Ba6 9. Nc3 Bxf1 10. Qxf1 Qc7 11. Na4 Be7 12. c4 f6 13. cxd5 cxd5 14. Qb5+
Qd7 15. Qxd7+ Kxd7 16. Bf4 Rc8 17. b3 Nh6 18. h3 Nf7 19. exf6 Bxf6 20. Re1 Rhe8
21. Be3 Rc7 22. b4 e5 23. Nc5+ Kc8 24. Bc1 a5 25. a3 e4 26. Bf4 Ne5 27. Nd4 Rxc5
28. bxc5 Nd3 0-1

[Event "World Senior 65+ 2014"]
[Site "Katerini GRE"]
[Date "2014.10.24"]
[Round "1.42"]
[White "Zhelesny, Stanislav"]
[Black "Keze, Arnis"]
[Result "1-0"]
[WhiteTitle "FM"]
[WhiteElo "2083"]
[BlackElo "1684"]
[WhiteFideId "4115244"]
[BlackFideId "4165845"]
[EventDate "2014.10.24"]

1. Nf3 d5 2. d4 c6 3. g3 Nf6 4. Bg2 Bf5 5. Nbd2 Nbd7 6. O-O Qc7 7. c4 e6 8. b3
Be7 9. Bb2 O-O 10. Rc1 Ne4 11. cxd5 exd5 12. Nxe4 Bxe4 13. Bh3 Rfe8 14. Nd2 Bg6
15. Bg2 Nf6 16. Nf3 Be4 17. Bh3 h6 18. Ne5 Rad8 19. e3 Bd6 20. Qd2 Qe7 21. Rce1
Bb4 22. Bc3 Bxc3 23. Qxc3 Bh7 24. f3 Rf8 25. b4 Ne8 26. e4 Qd6 27. Qc5 Qxc5 28.
dxc5 dxe4 29. Nd7 exf3 30. Rxf3 Nf6 31. Nxf8 Kxf8 32. Bf5 Rd2 33. Bxh7 Nxh7 34.
Rf2 Rd4 35. Rb2 Ng5 36. Kg2 Ne6 37. h4 Ke7 38. Ree2 Kf8 39. Red2 Rd5 40. Rxd5
cxd5 41. Kf3 Ke7 42. Rd2 d4 43. Ke4 Kd7 44. Kd5 Ke7 45. a4 a6 46. Rf2 Ke8 47.
Kd6 Nd8 48. b5 axb5 49. axb5 f6 50. Re2+ Kf8 51. Kd7 d3 52. Re8+ Kf7 53. Rxd8 g5
54. Kc7 gxh4 55. gxh4 f5 56. Rxd3 Ke6 57. Kxb7 f4 58. c6 Kf5 59. c7 Ke4 60. Rd1
f3 61. c8=Q Ke3 62. Qc3+ Kf2 63. Qe1+ Kg2 64. Qg1+ Kh3 65. Rd2 f2 66. Rxf2 1-0

[Event "World Senior 65+ 2014"]
[Site "Katerini GRE"]
[Date "2014.10.24"]
[Round "1.43"]
[White "Zamahari, Abang Draup"]
[Black "Davydov, Mihail"]
[Result "1/2-1/2"]
[WhiteElo "1603"]
[BlackElo "2076"]
[WhiteFideId "5704057"]
[BlackFideId "4679962"]
[EventDate "2014.10.24"]

1. d4 d5 2. e3 Nf6 3. c4 c6 4. Nc3 e6 5. Nf3 Be7 6. cxd5 exd5 7. Bd3 Bg4 8. h3
Bh5 9. Be2 Nbd7 10. O-O Qc7 11. Nh2 Bg6 12. f4 Be4 13. Bf3 O-O 14. Bxe4 Nxe4 15.
Nxe4 dxe4 16. f5 Bd6 17. Ng4 Rfe8 18. Kh1 Nb6 19. f6 g6 20. Nh6+ Kh8 21. Qg4 Nd5
22. Bd2 Re6 23. Qg5 Rf8 24. h4 Qd8 25. Ng4 Rg8 26. Rf2 Bc7 27. Raf1 Qd6 1/2-1/2

[Event "World Senior 65+ 2014"]
[Site "Katerini GRE"]
[Date "2014.10.24"]
[Round "1.44"]
[White "Baeta, Marcio Netto"]
[Black "Mitsakos, Achilleas"]
[Result "1-0"]
[WhiteElo "2074"]
[BlackElo "1584"]
[WhiteFideId "2112744"]
[BlackFideId "4207726"]
[EventDate "2014.10.24"]

1. e4 e5 2. Nf3 Nc6 3. Bc4 Nf6 4. Ng5 d5 5. exd5 b5 6. Bf1 Nd4 7. c3 Nxd5 8.
Nxf7 Kxf7 9. cxd4 e4 10. Nc3 Nf6 11. Nxb5 Be6 12. Qc2 Bd6 13. Bc4 Re8 14. Nxd6+
cxd6 15. Bxe6+ Rxe6 16. O-O Rc8 17. Qb3 d5 18. d3 Rb6 19. Qa3 Qc7 20. g3 Kg8 21.
Bf4 Qd7 22. Rac1 Rbc6 23. Rxc6 Rxc6 24. dxe4 dxe4 25. Qa4 Qc8 26. Qb3+ Kf8 27.
Qb8 Qxb8 28. Bxb8 a6 29. Ba7 Rc2 30. Rb1 Ke7 31. a4 Ng4 32. d5 Kd6 33. b4 Kxd5
34. b5 axb5 35. axb5 e3 36. Bxe3 Nxe3 37. fxe3 Rc8 38. Kf2 Rf8+ 39. Ke2 Kc5 40.
b6 Kc6 41. b7 Rb8 42. Kd3 Rxb7 43. Rxb7 Kxb7 44. Kd4 Kc6 45. Ke5 Kd7 46. h3 Ke7
47. g4 Kd7 48. h4 Ke7 49. g5 Kd7 50. h5 Ke7 51. h6 gxh6 52. gxh6 Kf7 53. Kd6 Ke8
54. e4 Kd8 55. Ke6 Ke8 56. e5 1-0

[Event "World Senior 65+ 2014"]
[Site "Katerini GRE"]
[Date "2014.10.24"]
[Round "1.45"]
[White "Rozewicz, Joseph"]
[Black "Koryabkin, Valery"]
[Result "0-1"]
[WhiteElo "1576"]
[BlackElo "2072"]
[WhiteFideId "403318"]
[BlackFideId "24113115"]
[EventDate "2014.10.24"]

1. e4 c5 2. Nf3 e6 3. d4 cxd4 4. Nxd4 a6 5. Nc3 Qc7 6. Bd3 Bc5 7. Nb3 Ba7 8. Qg4
g6 9. Bf4 Qb6 10. Be3 Qb4 11. Bxa7 Rxa7 12. Qg3 Nc6 13. a3 Qe7 14. e5 f5 15. f4
Nh6 16. h3 b5 17. Qf2 Rc7 18. Rd1 O-O 19. O-O Rd8 20. Rd2 Nf7 21. g4 Kh8 22. g5
Bb7 23. h4 d6 24. exd6 Rxd6 25. h5 Nxg5 26. hxg6 Nh3+ 0-1

[Event "World Senior 65+ 2014"]
[Site "Katerini GRE"]
[Date "2014.10.24"]
[Round "1.46"]
[White "Bondar, Leonid"]
[Black "Tobar Salas, Juan Carlos"]
[Result "1-0"]
[WhiteElo "2061"]
[BlackElo "1538"]
[WhiteFideId "2006227"]
[BlackFideId "3416682"]
[EventDate "2014.10.24"]

1. e4 d6 2. d4 Nf6 3. Bd3 g6 4. Nf3 Bg7 5. O-O O-O 6. Qe2 Bg4 7. Be3 Nc6 8. c3
e5 9. d5 Ne7 10. Nbd2 Nh5 11. h3 Bd7 12. g4 Nf4 13. Bxf4 exf4 14. Rab1 Re8 15.
Qd1 f5 16. Nh2 fxe4 17. Bxe4 g5 18. Ndf3 Ng6 19. Qd3 Kf7 20. Rfe1 Qf6 21. Nd4
Rh8 22. Bf5 Ne5 23. Qc2 h5 24. Bxd7 Nxd7 25. Re6 Qd8 26. Qf5+ Bf6 27. Rbe1 Ne5
28. Nhf3 Kg7 29. R6xe5 Qc8 30. Ne6+ Kf7 31. Nexg5+ Kg7 1-0

[Event "World Senior 65+ 2014"]
[Site "Katerini GRE"]
[Date "2014.10.25"]
[Round "2.2"]
[White "Titz, Heimo"]
[Black "Zhelnin, Vladimir V"]
[Result "1/2-1/2"]
[WhiteTitle "FM"]
[BlackTitle "IM"]
[WhiteElo "2158"]
[BlackElo "2471"]
[WhiteFideId "1601520"]
[BlackFideId "4105567"]
[EventDate "2014.10.24"]

1. c4 e5 2. Nc3 d6 3. g3 g6 4. Bg2 Bg7 5. Nf3 Nf6 6. O-O O-O 7. d4 Nbd7 8. b3
Re8 9. dxe5 dxe5 10. Bb2 c6 11. e3 Qe7 12. Qc2 Nf8 13. h3 h5 14. Rad1 e4 15. Nd4
N8h7 16. Nce2 Bd7 17. c5 Nd5 18. a3 a5 19. Nf4 Nhf6 20. Nde2 Nc7 21. Rd2 Bf5 22.
Rfd1 Rad8 23. b4 axb4 24. axb4 Rxd2 25. Qxd2 Ncd5 26. Nxd5 Nxd5 27. Bxg7 Kxg7
28. Nd4 Ra8 29. Qb2 Kh7 30. Rb1 Ra4 31. Qd2 Qd7 32. Kh2 Nf6 33. Qc2 Ra7 34. b5
Qd5 35. bxc6 bxc6 36. Nb3 Be6 37. Qc3 Nd7 38. Qb4 f5 39. Rb2 Qc4 40. Qd2 Bd5 41.
Nd4 Qxc5 42. Rc2 Qb6 43. Bf1 Ne5 44. Be2 Qa5 45. Kg2 Qxd2 46. Rxd2 Rb7 47. g4
fxg4 48. hxg4 hxg4 49. Kg3 Nf3 50. Bxf3 gxf3 51. Kf4 Kh6 52. Rc2 Rb6 53. Ke5 Kh5
54. Ne6 Bxe6 55. Kxe6 Kg4 56. Ke5 Kh3 57. Kxe4 Kg2 58. Kf4 Rb4+ 59. e4 g5+ 60.
Kf5 g4 61. e5 g3 62. fxg3+ Kxg3 63. Rxc6 Rf4+ 64. Kg5 f2 65. Rc1 Re4 66. Kf5 Re1
67. Rc3+ Kh4 68. Rf3 f1=Q 69. Rxf1 Rxf1+ 70. Kg6 Re1 71. Kf6 Rf1+ 72. Kg6 Rg1+
73. Kf6 Kg4 74. e6 Rf1+ 75. Kg6 1/2-1/2